Normal view
MARC view
Entry Personal Name
001 - CONTROL NUMBER
- control field: 4978
003 - CONTROL NUMBER IDENTIFIER
- control field: TR-AnCHP
005 - DATE AND TIME OF LATEST TRANSACTION
- control field: 20190110165615.0
008 - FIXED-LENGTH DATA ELEMENTS
- fixed length control field: 1901101016n|cannaabn |n|d ||
040 ## - CATALOGING SOURCE
- Original cataloging agency: TR-AnCHP
100 10 - HEADING--PERSONAL NAME
- Personal name: Cebesoy, Ali Fuad
670 ## - SOURCE DATA FOUND
- Source citation: Cebesoy, Ali Fuad.
- Information found: Milli Mücadele hatıralarıAli Fuad Cebesoy ; editör Osman Selim Kocahanoğlu
